[Event "Steinfurt Bezirksklasse 1314"]
[Site "Germany"]
[Date "2013.11.16"]
[Round "2.3"]
[White "Schwarze, Hugo"]
[Black "Reimann, Tanja"]
[Result "1-0"]
[WhiteElo "1718"]
[BlackElo "1287"]
[PlyCount "57"]
[EventDate "2013.10.05"]
[EventType "team-tourn"]
[EventRounds "9"]
[EventCountry "GER"]
[SourceTitle "EXT 2015"]
[Source "ChessBase"]
[SourceDate "2014.11.20"]
[SourceVersion "1"]
[SourceVersionDate "2014.11.20"]
[SourceQuality "1"]
[WhiteTeam "Westerkappeln"]
[BlackTeam "Emsdetten Turm IV"]
[WhiteTeamCountry "GER"]
[BlackTeamCountry "GER"]

1. e4 e6 2. c4 c6 3. Nc3 Bb4 4. d4 Bxc3+ 5. bxc3 Nf6 6. e5 Ne4 7. Bd3 Nxc3 8. Qc2 Nxa2 9. Rxa2 g6 10. Nf3 d5 11. exd6 Qxd6 12. 0-0 Na6 13. Ba3 c5 14. dxc5 Nxc5 15. Rd1 f5 16. Bxf5 Qc6 17. Ne5 Qc7 18. Bxc5 Qxc5 19. Qa4+ Ke7 20. Rd7+ Bxd7 21. Qxd7+ Kf6 22. Qxe6+ Kg7 23. Qf7+ Kh6 24. Ng4+ Kg5 25. Qf6+ Kh5 26. g3 gxf5 27. Qh6+ Kxg4 28. h3+ Kf3 29. Qf4# 1-0

[Event "Steinfurt Bezirksliga 1213"]
[Site "Germany"]
[Date "2013.05.04"]
[Round "9.5"]
[White "Schwarze, Hugo"]
[Black "Merschkoetter, Peter"]
[Result "1/2-1/2"]
[WhiteElo "1672"]
[BlackElo "1610"]
[PlyCount "40"]
[EventDate "2012.09.22"]
[EventType "team-tourn"]
[EventRounds "9"]
[EventCountry "GER"]
[SourceTitle "EXT 2015"]
[Source "ChessBase"]
[SourceDate "2014.11.20"]
[SourceVersion "1"]
[SourceVersionDate "2014.11.20"]
[SourceQuality "1"]
[WhiteTeam "Westerkappeln"]
[BlackTeam "Reckenfeld II"]
[WhiteTeamCountry "GER"]
[BlackTeamCountry "GER"]

1. e4 e5 2. Nf3 Nf6 3. Nc3 Bb4 4. a3 Bxc3 5. dxc3 d6 6. Bc4 0-0 7. Bg5 Be6 8. Qe2 Nbd7 9. 0-0-0 a5 10. Bxe6 fxe6 11. Qc4 Nc5 12. Nxe5 Qe8 13. Bxf6 Rxf6 14. Ng4 Rg6 15. f3 b5 16. Qd4 Qc6 17. h4 b4 18. axb4 axb4 19. Qxb4 d5 20. h5 Nxe4 1/2-1/2

[Event "Steinfurt Bezirksliga 1213"]
[Site "Germany"]
[Date "2013.04.13"]
[Round "8.5"]
[White "Dehler, Markus"]
[Black "Schwarze, Hugo"]
[Result "1/2-1/2"]
[WhiteElo "1658"]
[BlackElo "1672"]
[PlyCount "104"]
[EventDate "2012.09.22"]
[EventType "team-tourn"]
[EventRounds "9"]
[EventCountry "GER"]
[SourceTitle "EXT 2015"]
[Source "ChessBase"]
[SourceDate "2014.11.20"]
[SourceVersion "1"]
[SourceVersionDate "2014.11.20"]
[SourceQuality "1"]
[WhiteTeam "Steinfurt II"]
[BlackTeam "Westerkappeln"]
[WhiteTeamCountry "GER"]
[BlackTeamCountry "GER"]

1. e4 c5 2. Nc3 Nc6 3. d3 Nf6 4. g3 d5 5. exd5 Nxd5 6. Bg2 Nxc3 7. bxc3 Qc7 8. Nf3 g6 9. a4 Bg7 10. Bd2 0-0 11. 0-0 Bg4 12. h3 Bd7 13. Ra3 Rad8 14. Be3 b6 15. Qe2 e5 16. Nd2 Ne7 17. f4 Nf5 18. Kh2 Nxe3 19. Qxe3 exf4 20. Qxf4 Qxf4 21. Rxf4 Bh6 22. Rf2 Be3 23. Re2 Bxd2 24. Rxd2 Rfe8 25. d4 Bf5 26. a5 Re3 27. axb6 axb6 28. Rb3 Rd6 29. d5 Be4 30. c4 Re1 31. Ra3 Bxg2 32. Kxg2 Re4 33. Rc3 f5 34. Kf3 Kf7 35. Re2 Rd4 36. Ree3 g5 37. Red3 g4+ 38. hxg4 Rxg4 39. Re3 Rdg6 40. Kf2 Rd4 41. Re5 f4 42. Rf5+ Rf6 43. Rxf6+ Kxf6 44. gxf4 Kf5 45. Kg3 h5 46. Rd3 h4+ 47. Kxh4 Rxf4+ 48. Kg3 Rxc4 49. d6 Rg4+ 50. Kf3 Rg8 51. d7 Rd8 52. Rd6 Ke5 1/2-1/2

[Event "Steinfurt Bezirksliga 0910"]
[Site "Germany"]
[Date "2009.09.12"]
[Round "1.5"]
[White "Niedenzu, Gerhard"]
[Black "Schwarze, Hugo"]
[Result "1/2-1/2"]
[WhiteElo "1461"]
[BlackElo "1779"]
[PlyCount "56"]
[EventDate "2009.09.12"]
[EventType "team-tourn"]
[EventRounds "9"]
[EventCountry "GER"]
[SourceTitle "EXT 2011"]
[Source "ChessBase"]
[SourceDate "2010.11.26"]
[SourceVersion "1"]
[SourceVersionDate "2010.11.26"]
[SourceQuality "1"]
[WhiteTeam "Ibbenbueren II"]
[BlackTeam "Westerkappeln"]
[WhiteTeamCountry "GER"]
[BlackTeamCountry "GER"]

1. e4 c5 2. Nf3 Nc6 3. Nc3 g6 4. d4 cxd4 5. Nxd4 Bg7 6. Be3 Nf6 7. Be2 0-0 8. 0-0 d5 9. Nxc6 bxc6 10. exd5 cxd5 11. Bf3 e6 12. Qd2 Ba6 13. Rfd1 Qc7 14. Ne2 Ne4 15. Qc1 Rab8 16. Rb1 Rfc8 17. c3 Bc4 18. Ra1 Qb7 19. Bxe4 Bxe2 20. Rd2 Bb5 21. Bf3 a5 22. Bf4 Ra8 23. Qd1 a4 24. a3 Bc6 25. Be3 Qc7 26. Rb1 Rab8 27. Bd4 Bh6 28. Re2 Rb3 1/2-1/2

[Event "Muensterland Verbandsklasse-B 0809"]
[Site "Germany"]
[Date "2008.10.11"]
[Round "2.6"]
[White "Schwarze, Hugo"]
[Black "Klueppel, Ralf"]
[Result "0-1"]
[WhiteElo "1843"]
[BlackElo "1722"]
[PlyCount "48"]
[EventDate "2008.09.13"]
[EventType "team-tourn"]
[EventRounds "9"]
[EventCountry "GER"]
[SourceTitle "EXT 2010"]
[Source "ChessBase"]
[SourceDate "2010.11.25"]
[SourceVersion "1"]
[SourceVersionDate "2010.11.25"]
[SourceQuality "1"]
[WhiteTeam "Westerkappeln"]
[BlackTeam "Borken"]
[WhiteTeamCountry "GER"]
[BlackTeamCountry "GER"]

1. e4 Nc6 2. Nf3 d5 3. exd5 Qxd5 4. Nc3 Qa5 5. d4 Bg4 6. Be2 0-0-0 7. Bd2 Bxf3 8. Bxf3 Nxd4 9. Be4 Qe5 10. f4 Qd6 11. 0-0 Nf6 12. Bd3 Nxc2 13. Rc1 Qxd3 14. Rxc2 e6 15. Rf3 Bc5+ 16. Kh1 Qd7 17. b4 Bxb4 18. Qb1 Bxc3 19. Rfxc3 c6 20. Qb5 Nd5 21. Rxc6+ Kb8 22. h3 Qe7 23. Be3 Qb4 24. Bxa7+ Kxa7 0-1

[Event "Muensterland Verbandsklasse-B 0607"]
[Site "Germany"]
[Date "2007.02.17"]
[Round "6.4"]
[White "Luft, Waldemar"]
[Black "Schwarze, Hugo"]
[Result "1-0"]
[WhiteElo "1844"]
[BlackElo "1863"]
[PlyCount "61"]
[EventDate "2006.09.23"]
[EventType "team"]
[EventRounds "9"]
[EventCountry "GER"]
[SourceTitle "EXT 2008"]
[Source "ChessBase"]
[SourceDate "2007.11.25"]
[SourceVersion "1"]
[SourceVersionDate "2007.11.25"]
[SourceQuality "1"]
[WhiteTeam "Nienberge"]
[BlackTeam "Westerkappeln"]
[WhiteTeamCountry "GER"]
[BlackTeamCountry "GER"]

1. e4 c5 2. Nc3 Nc6 3. g3 g6 4. Bg2 Bg7 5. d3 e6 6. f4 Nge7 7. Nf3 d6 8. 0-0 0-0 9. h3 Rb8 10. Bd2 b5 11. Rb1 a5 12. Ne2 b4 13. Qe1 Nd4 14. Nexd4 cxd4 15. g4 f5 16. e5 Nc6 17. Ng5 Qc7 18. gxf5 Rxf5 19. Be4 dxe5 20. Bxf5 exf5 21. fxe5 h6 22. Nf3 Rb5 23. Qh4 g5 24. Qh5 Qd7 25. Rbe1 Nxe5 26. Nxe5 Rxe5 27. Rxe5 Bxe5 28. Qg6+ Bg7 29. Re1 Kf8 30. a3 Qf7 31. Qd6+ 1-0

[Event "Muensterland Verbandsklasse-B 0506"]
[Site "Germany"]
[Date "2006.03.25"]
[Round "3.4"]
[White "Schwarze, Hugo"]
[Black "Bueckers, Bernhard"]
[Result "1/2-1/2"]
[WhiteElo "2057"]
[BlackElo "1763"]
[PlyCount "91"]
[EventDate "2005.09.03"]
[EventType "team"]
[EventRounds "9"]
[EventCountry "GER"]
[SourceTitle "EXT 2006"]
[Source "ChessBase"]
[SourceDate "2005.11.24"]
[SourceVersion "1"]
[SourceVersionDate "2005.11.24"]
[SourceQuality "1"]
[WhiteTeam "Westerkappeln"]
[BlackTeam "Metelen"]
[WhiteTeamCountry "GER"]
[BlackTeamCountry "GER"]

1. e4 c5 2. Nf3 e6 3. d3 Nc6 4. g3 Nf6 5. Bg2 d5 6. Nbd2 dxe4 7. dxe4 Be7 8. 0-0 Qc7 9. Nc4 e5 10. c3 0-0 11. Qc2 Be6 12. Ne3 Rad8 13. Ng5 Bc8 14. Nd5 Qb8 15. f4 h6 16. fxe5 Nxd5 17. exd5 hxg5 18. dxc6 bxc6 19. Qe4 Be6 20. Qxc6 Qxe5 21. Qe4 Qxe4 22. Bxe4 Bd5 23. Bxd5 Rxd5 24. Be3 Rfd8 25. Kf2 f6 26. Ke2 Kf7 27. c4 Re5 28. Rad1 Rxd1 29. Rxd1 Ke6 30. Rd3 g6 31. Ra3 f5 32. Kd3 g4 33. Ra6+ Kf7 34. Rxa7 Ke8 35. Ra6 Kf7 36. Rc6 Bf8 37. b3 Re6 38. Rc7+ Re7 39. Rxe7+ Bxe7 40. a3 Ke6 41. Bd2 g5 42. Ke3 Bd6 43. Kf2 f4 44. b4 Ke5 45. Bc3+ Ke4 46. Ke2 1/2-1/2

[Event "Muensterland Verbandsklasse-B 0506"]
[Site "Germany"]
[Date "2006.02.25"]
[Round "7.4"]
[White "Koetting, Hans Erich"]
[Black "Schwarze, Hugo"]
[Result "0-1"]
[WhiteElo "1882"]
[BlackElo "2057"]
[PlyCount "60"]
[EventDate "2005.09.03"]
[EventType "team"]
[EventRounds "9"]
[EventCountry "GER"]
[SourceTitle "EXT 2006"]
[Source "ChessBase"]
[SourceDate "2005.11.24"]
[SourceVersion "1"]
[SourceVersionDate "2005.11.24"]
[SourceQuality "1"]
[WhiteTeam "Duelmen"]
[BlackTeam "Westerkappeln"]
[WhiteTeamCountry "GER"]
[BlackTeamCountry "GER"]

1. e4 c5 2. Nf3 d6 3. d4 cxd4 4. Nxd4 Nf6 5. Nc3 a6 6. Be2 e5 7. Nb3 Be6 8. Bg5 Nbd7 9. Qd2 Qc7 10. 0-0-0 b5 11. Bf3 Rc8 12. Kb1 Be7 13. Rhe1 0-0 14. h3 Nb6 15. g4 Nc4 16. Qd3 b4 17. Bxf6 Bxf6 18. Ne2 a5 19. Bg2 Rfd8 20. Ng3 a4 21. Nc1 a3 22. Qf3 axb2 23. Nb3 Ra8 24. Bf1 Qa7 25. Na5 Qxa5 26. Bxc4 Bxc4 27. Kxb2 Qxa2+ 28. Kc1 Bg5+ 29. Re3 b3 30. cxb3 Bxb3 0-1

[Event "Muensterland Verbandsklasse-B 0506"]
[Site "Germany"]
[Date "2005.12.10"]
[Round "4.4"]
[White "Duchhardt, Christoph"]
[Black "Schwarze, Hugo"]
[Result "0-1"]
[WhiteElo "1932"]
[BlackElo "2057"]
[PlyCount "88"]
[EventDate "2005.09.03"]
[EventType "team"]
[EventRounds "9"]
[EventCountry "GER"]
[SourceTitle "EXT 2006"]
[Source "ChessBase"]
[SourceDate "2005.11.24"]
[SourceVersion "1"]
[SourceVersionDate "2005.11.24"]
[SourceQuality "1"]
[WhiteTeam "Muenster III"]
[BlackTeam "Westerkappeln"]
[WhiteTeamCountry "GER"]
[BlackTeamCountry "GER"]

1. e4 c5 2. c3 d6 3. d4 Nf6 4. dxc5 Nc6 5. Bc4 Nxe4 6. Qd5 e6 7. Qxe4 d5 8. Bxd5 Qxd5 9. Qxd5 exd5 10. Be3 Ne5 11. b4 a5 12. Nf3 Nxf3+ 13. gxf3 b6 14. 0-0 bxc5 15. bxc5 Ra6 16. Kh1 Rc6 17. Rg1 g6 18. Bd4 f6 19. Nd2 a4 20. Rab1 Bxc5 21. Bxc5 Rxc5 22. c4 0-0 23. cxd5 Rxd5 24. Nc4 Rd4 25. Ne3 Rd2 26. Rgc1 Rxf2 27. Rb8 Be6 28. Rb7 Rxf3 29. Rcc7 Rf7 30. Rxf7 Bxf7 31. Ng4 Bxa2 32. Kg2 Bd5 33. Rd7 Rf4+ 34. Rxd5 Rxg4+ 35. Kf3 f5 36. Rd7 Rb4 37. Ra7 g5 38. Kg3 Rb3+ 39. Kg2 a3 40. Kf2 h5 41. Ra5 Rb2+ 42. Ke3 a2 43. Ra7 Rxh2 44. Kd4 Re2 0-1

[Event "Muensterland Verbandsklasse-B 0506"]
[Site "Germany"]
[Date "2005.09.24"]
[Round "1.4"]
[White "Schwarze, Hugo"]
[Black "Janning, Rainer"]
[Result "0-1"]
[WhiteElo "2057"]
[BlackElo "1903"]
[PlyCount "68"]
[EventDate "2005.09.03"]
[EventType "team"]
[EventRounds "9"]
[EventCountry "GER"]
[SourceTitle "EXT 2006"]
[Source "ChessBase"]
[SourceDate "2005.11.24"]
[SourceVersion "1"]
[SourceVersionDate "2005.11.24"]
[SourceQuality "1"]
[WhiteTeam "Westerkappeln"]
[BlackTeam "Steinfurt"]
[WhiteTeamCountry "GER"]
[BlackTeamCountry "GER"]

1. e4 c6 2. d4 d5 3. exd5 cxd5 4. c4 e6 5. Nc3 Nf6 6. Nf3 Be7 7. Bd3 dxc4 8. Bxc4 0-0 9. 0-0 a6 10. a4 Nbd7 11. Bg5 Nb6 12. Ba2 Nbd5 13. Re1 Nxc3 14. bxc3 Bd7 15. Ne5 Rc8 16. c4 Bc6 17. Nxc6 bxc6 18. Rb1 Rb8 19. Qd3 Qa5 20. Re5 Qxa4 21. Bb3 Qa3 22. h4 Rb7 23. Bc1 Qd6 24. Ra5 Rd8 25. Ba3 Qc7 26. Rxa6 Bxa3 27. Rxa3 c5 28. d5 exd5 29. cxd5 c4 30. d6 Qc8 31. Bxc4 Rxb1+ 32. Qxb1 Qxc4 33. Qb6 Qc8 34. Ra7 Ne8 0-1

[Event "Steinfurt Bezirksliga 0304"]
[Site "Germany"]
[Date "2003.11.22"]
[Round "2.2"]
[White "Schwarze, Hugo"]
[Black "Brito, Daniel"]
[Result "1-0"]
[WhiteElo "1931"]
[BlackElo "1802"]
[PlyCount "113"]
[EventDate "2003.10.18"]
[EventType "team-tourn"]
[EventRounds "9"]
[EventCountry "GER"]
[SourceTitle "EXT 2005"]
[Source "ChessBase"]
[SourceDate "2004.11.15"]
[SourceVersion "1"]
[SourceVersionDate "2004.11.15"]
[SourceQuality "1"]
[WhiteTeam "Westerkappeln"]
[BlackTeam "Neuenkirchen II"]
[WhiteTeamCountry "GER"]
[BlackTeamCountry "GER"]

1. e4 d5 2. exd5 Qxd5 3. Nc3 Qa5 4. d4 Nf6 5. Bd2 Qb6 6. Nf3 c6 7. Bc4 Bg4 8. Bxf7+ Kxf7 9. Ne5+ Kg8 10. Nxg4 Qxd4 11. Ne3 Nbd7 12. Qe2 e6 13. 0-0 Ne5 14. Rad1 Nf7 15. Bc1 Qh4 16. Rfe1 Bc5 17. h3 Re8 18. Qc4 Qxc4 19. Nxc4 Bb4 20. Bd2 Kf8 21. a3 Bxc3 22. Bxc3 Nd5 23. Be5 Nxe5 24. Rxe5 Ke7 25. Rde1 Kd7 26. Rg5 Re7 27. Ne5+ Kc7 28. c4 Nf6 29. Rg3 Rd8 30. b4 Rd2 31. Rge3 Rd8 32. g4 Nd7 33. Nf3 Rde8 34. Ng5 Nf8 35. f4 h6 36. Nf3 Ng6 37. Re4 b6 38. Kh2 c5 39. h4 Nf8 40. Kg3 Rd8 41. f5 Rd3 42. R1e3 Rxe3 43. Rxe3 Rd7 44. fxe6 Re7 45. bxc5 bxc5 46. Re5 Kb6 47. g5 Rxe6 48. Rf5 Ng6 49. h5 Ne7 50. Rf7 Ka5 51. g6 Ka4 52. Kf2 a5 53. Rxg7 Kxa3 54. Rh7 Nf5 55. Rf7 Kb4 56. Rxf5 a4 57. g7 1-0

[Event "Steinfurt Bezirksliga 0203"]
[Site "Germany"]
[Date "2003.04.26"]
[Round "8.2"]
[White "Schwarze, Hugo"]
[Black "Hokamp, Sascha"]
[Result "1/2-1/2"]
[WhiteElo "1958"]
[BlackElo "1813"]
[PlyCount "91"]
[EventDate "2002.09.14"]
[EventType "team-tourn"]
[EventRounds "9"]
[EventCountry "GER"]
[SourceTitle "EXT 2004"]
[Source "ChessBase"]
[SourceDate "2003.11.25"]
[SourceVersion "1"]
[SourceVersionDate "2003.11.25"]
[SourceQuality "1"]
[WhiteTeam "Westerkappeln"]
[BlackTeam "Reckenfeld"]
[WhiteTeamCountry "GER"]
[BlackTeamCountry "GER"]

1. e4 c5 2. Nf3 g6 3. d4 cxd4 4. Qxd4 Nf6 5. Bc4 Nc6 6. Qe3 Bg7 7. Nc3 a6 8. a4 Qc7 9. h3 d6 10. Nd5 Nxd5 11. exd5 Nd4 12. Bb5+ axb5 13. Nxd4 bxa4 14. 0-0 0-0 15. Nb5 Qc4 16. Na3 Qxd5 17. Qxe7 b5 18. c3 Bb7 19. f3 Rfe8 20. Qh4 Re2 21. Rb1 f6 22. Qb4 Bc6 23. Bf4 Bf8 24. Bg3 Qg5 25. Qf4 Qxf4 26. Bxf4 g5 27. Bg3 f5 28. Rfc1 g4 29. hxg4 fxg4 30. Rc2 gxf3 31. Rxe2 fxe2 32. Re1 Re8 33. Kf2 Bh6 34. Nc2 d5 35. Bd6 Re6 36. Ba3 Bg5 37. Rxe2 Bh4+ 38. Kf1 Rf6+ 39. Kg1 Rf7 40. Nd4 Bd7 41. Re5 Bf2+ 42. Kh2 Rf4 43. Rg5+ Kf7 44. g3 Rg4 45. Rxg4 Bxg4 46. Nxb5 1/2-1/2

[Event "Steinfurt Bezirksliga 0203"]
[Site "Germany"]
[Date "2003.01.25"]
[Round "5.2"]
[White "Fehlings, Gerd"]
[Black "Schwarze, Hugo"]
[Result "1-0"]
[WhiteElo "1679"]
[BlackElo "1958"]
[PlyCount "80"]
[EventDate "2002.09.14"]
[EventType "team-tourn"]
[EventRounds "9"]
[EventCountry "GER"]
[SourceTitle "EXT 2004"]
[Source "ChessBase"]
[SourceDate "2003.11.25"]
[SourceVersion "1"]
[SourceVersionDate "2003.11.25"]
[SourceQuality "1"]
[WhiteTeam "Emsdetten Rochade II"]
[BlackTeam "Westerkappeln"]
[WhiteTeamCountry "GER"]
[BlackTeamCountry "GER"]

1. Nf3 Nf6 2. d4 g6 3. e3 Bg7 4. c4 d6 5. Nc3 0-0 6. Be2 Nbd7 7. b4 a5 8. b5 e5 9. 0-0 c5 10. dxe5 dxe5 11. e4 Re8 12. Qc2 Qc7 13. Bb2 b6 14. a4 Nf8 15. Nd5 Qb8 16. Nd2 Ne6 17. Nb3 Nd4 18. Nxd4 exd4 19. f3 Nxd5 20. cxd5 Be5 21. g3 Bh3 22. f4 Bxf1 23. Rxf1 Bg7 24. e5 Bxe5 25. fxe5 Qxe5 26. Bf3 Rac8 27. Bc1 c4 28. Bf4 Qg7 29. d6 d3 30. Qf2 g5 31. Bxg5 Qxg5 32. d7 c3 33. dxc8Q Rxc8 34. Be4 Qc5 35. Bxd3 Kg7 36. Qxc5 Rxc5 37. Rf2 f6 38. Kf1 Kf7 39. Bxh7 Ke6 40. Bc2 f5 1-0